000 00804nam a2200265 a 4500
008
020 _a0521476852 (pbk.)
049 _aMAIN
090 _aQC174.17.C45
_bBAK
100 1 _aBaker, Gregory L.
245 1 0 _aChaotic dynamics :
_ban introduction /
_cGregory L. Baker and Jerry P. Gollub.
250 _a2nd ed.
260 _aCambridge :
_bCambridge University Press,
_c1996.
300 _axiv, 256 p. :
_bill. ;
_c26 cm.
504 _aIncludes bibliographical references.
500 _aIncludes index.
650 0 _aPendulum.
650 0 _aChaotic behavior in systems.
700 1 _aGollub, Jerry P.
907 _a.b10000756
_b03-05-13
_c17-04-03
003
005 20230123133556.0
040 _cNUST
942 _cBOOKS
_kQC174.17.C45
_mBAK
999 _c150971
_d150971